Một số biện pháp tăg cường điều kiện bảo đảm chất lượng đào tạo các trường cao đẳng và trung cấp nghề ở Đồng Nai

Spremljeno u:
Bibliografski detalji
Glavni autor: Ngô, Phan Anh Tuấn
Format: Knjiga
Jezik:Undetermined
Teme:
Online pristup:http://lrc.tdmu.edu.vn/opac/search/detail.asp?aID=2&ID=35682
Oznake: Dodaj oznaku
Bez oznaka, Budi prvi tko označuje ovaj zapis!
Thư viện lưu trữ: Trung tâm Học liệu Trường Đại học Thủ Dầu Một
LEADER 00769nam a2200145Ia 4500
001 TDMU_35682
008 210410s9999 xx 000 0 und d
082 |a 428.24 
100 |a Ngô, Phan Anh Tuấn 
245 0 |a Một số biện pháp tăg cường điều kiện bảo đảm chất lượng đào tạo các trường cao đẳng và trung cấp nghề ở Đồng Nai 
245 0 |c Ngô Phan Anh Tuấn 
300 |a Tr.51-54 
650 |a Bảo đảm chất lượng; Đào tạo; Trường cao đẳng; Trường trung cấp nghề; Đồng Nai; Giáo dục 
856 |u http://lrc.tdmu.edu.vn/opac/search/detail.asp?aID=2&ID=35682 
980 |a Trung tâm Học liệu Trường Đại học Thủ Dầu Một